Every Arrowverse Hero - Statistics

General Stats
  • This quiz has been taken 591 times
    506 since last reset
  • The average score is 78 of 213
Answer Stats
Hint Answer % Correct
Arrow Green Arrow
98%
The Flash | The Flash ('90) The Flash
94%
The Flash (Earth-3)
89%
The Flash
88%
Legends of Tomorrow White Canary
88%
Spartan
87%
Black Canary
84%
Black Canary III
84%
Supergirl Supergirl
80%
Superman
80%
Black Canary II
78%
Black Canary
77%
Black Canary IV
77%
Vibe
77%
Black Canary
76%
Supergirl
76%
The Atom
75%
Arsenal
74%
Frost
74%
Speedy
73%
Batman ('66) | Batman ('89) Batman
70%
Bruce Wayne
70%
Green Arrow
69%
Vibe-X
69%
Atom II
68%
Overwatch
68%
Batwoman Batwoman
66%
Vixen
66%
Z
66%
Vixen Vixen II
65%
Batwoman II
64%
Constantine John Constantine
63%
Kid Flash
63%
Black Lightning Black Lightning
61%
Captain Cold
61%
Lightning
61%
Red Hood
61%
Robin
61%
Wild Dog
61%
Heat Wave
60%
Robin
60%
Speedy
59%
Stargirl
59%
Green Arrow II
58%
Green Lantern Green Lantern
58%
Stargirl
58%
Abin Sur
57%
Kilowog
57%
Sinestro
57%
Steel
57%
Tomar-Re
56%
Firestorm
55%
Hawk
55%
Cyborg
54%
Mr. Terrific
51%
Steel
51%
Martian Manhunter
50%
Wonder Woman
49%
Hawkgirl
48%
Hawkman
48%
Connor Hawke
46%
Green Arrow 2049
46%
Raven
46%
Rip Hunter
46%
Beast Boy
45%
Swamp Thing Swamp Thing
45%
Aquaman
44%
Titans Nightwing
44%
Oracle
43%
Elongated Man
42%
Starfire
42%
Black Condor
41%
XS
41%
Freedom Fighters: The Ray The Ray
40%
Batgirl
39%
Guardian
38%
Huntress
36%
Guardian II
34%
Ragman
34%
Superboy
34%
Superboy
33%
Impulse
32%
Guardian-X
31%
Dove
30%
Dove II
30%
Thunder
30%
Brainiac 5
29%
Dreamer
29%
Mon-El
29%
Sentinel
29%
Hourman
28%
Hourman II
27%
Jesse Quick
27%
Stiletto
27%
Wildcat
27%
Wildcat II
26%
Doctor Mid-Nite
25%
Ava Sharpe
23%
Wonder Girl
23%
Batwing
22%
Doctor Mid-Nite
22%
Artemis
21%
Gideon
21%
Starman
21%
General Schott
19%
Toyman
19%
Aqualad
18%
Doctor Fate
18%
Robotman
18%
Shazam
18%
The Hood
18%
Gary Green
17%
S.T.R.I.P.E.
17%
Crisis on Infinite Earths The Monitor
17%
Brainiac 5
16%
Red Tornado
16%
Charlie
15%
Crisis on Earth-X Citizen Cold
15%
Nora Darhk
15%
Obsidian
15%
Astra Logue
14%
Gypsy
14%
Bee Keeper
13%
Blue Beetle
13%
Commander Steel
13%
Elastigirl
13%
Krypto
13%
Miss Martian
13%
Mona Wu
13%
Crazy Jane
12%
Negative Man
12%
The Spectre
12%
Harbinger
11%
Mera
11%
Vigilante
11%
Booster Gold
10%
Katana
10%
Saturn Girl
10%
The Chief
10%
Zatanna
10%
Jonah Hex
9%
Ravager
9%
Doctor Mid-Nite II
8%
Painkiller
7%
Renee Montoya
7%
Spooner Cruz
6%
Behrad Tomaz
5%
Jericho
5%
Johnny Thunder
5%
Pariah
5%
Watchtower
5%
Accelerated Man
4%
Blue Devil
4%
Mento
4%
Phantom Lady
4%
Pied Piper
4%
Shining Knight
4%
Wylde
4%
Zan
4%
Cosmic Boy
3%
Doll Man
3%
Flex Mentallo
3%
Jakeem Thunder
3%
Jayna
3%
Lightning Lad
3%
Angel of Vengeance
2%
Blackbird
2%
Danny the Street
2%
Dorothy Spinner
2%
Green Hornet
2%
Kato
2%
Mikey Thunder
2%
Phantom Stranger
2%
Star-Spangled Kid
2%
Celsius
1%
Nightshade
1%
Warrior Angel
1%
Willoughby Kipling
1%
Emil Hamilton
0%
Lodestone
0%
No matching quizzes found
Score Distribution
Percent of People with Each Score
Percentile by Number Answered
Your Score History
You have not taken this quiz since the last reset